| 000 | 00675nam a22001937a 4500 | ||
|---|---|---|---|
| 005 | 20180608170331.0 | ||
| 010 | _aENG-123180 | ||
| 020 |
_a9788178244990 _c595.00 |
||
| 035 | _aEN-106712 | ||
| 037 | _bDBAD/PUB | ||
| 082 | _a305.4844 | ||
| 100 | _aGupta, Charu | ||
| 245 |
_aThe gender of caste: _cby Charu Gupta _brepresenting dalits in print / |
||
| 260 |
_aNew Delhi _bPermanent Black in association with Ashoka University _c2017 |
||
| 270 |
_aHimalayana, Mall Road, Ranikhet Cantt, Ranikhet 263645 _bNew Delhi _e110092 |
||
| 300 |
_a336p. _c21cm(pbk) |
||
| 500 | _ait include bibliographical references and index | ||
| 942 |
_2ddc _cEN _mGUP _h305.4844 |
||
| 999 |
_c152603 _d152603 |
||